000 00277nam a2200097Ia 4500
001 698662
005 20250826162055.0
008 250824s9999 xx 000 0 und d
245 0 _aKARAGÖZ İLE HACİVAT (ANTİK OKUL KLASİKLERİ)
_cANONİM
260 _bANTİK DÜNYA KLASİKLERİ
999 _c698662
_d698662